Stany Ameryki kształt - Statystyki

Ogólne statystyki
  • Ten quiz został rozwiązany 506 razy
  • Średni wynik to 6 z 13
Statystyki odpowiedzi
Obrazkowy Odpowiedź % Poprawnych
Teksas
94%
Waszyngton
67%
Alabama
57%
Kolorado
56%
Utah
54%
Nowy Meksyk
51%
Tennessee
50%
Arizona
47%
Maryland
38%
Pensylwania
36%
Missouri
34%
Delaware
29%
Indiana
29%
Nie znaleziono quizów pasujących do podanych kryteriów
Rozkład punktacji
Procent ludzi z każdym wynikiem
Percentyl według liczby udzielonych odpowiedzi
Twoja historia wyników
Nie rozwiązałeś tego quizu